[Event "Biel op"]
[Site "Biel"]
[Date "1989.??.??"]
[Round "11"]
[White "Huss, Andreas"]
[Black "Schienmann, Bruno"]
[Result "1/2-1/2"]
[WhiteElo "2355"]
[BlackElo "2250"]

1.d4 e6 2.c4 Nf6 3.Nf3 Bb4+ 4.Nbd2 b6 5.a3 Bxd2+ 6.Qxd2 Bb7 7.e3 d6 8.Bd3 Nbd7
9.Qc2 e5 10.d5 Qe7 11.e4 Nh5 12.Bg5 f6 13.Be3 Bc8 14.g3 O-O 15.Nh4 g6 16.b4 Rf7
17.O-O Nf8 18.Rfe1 Ng7 19.Bh6 a5 20.Rac1 Bh3 21.f3 Nd7 22.Bf1 Bxf1 23.Rxf1 Rff8
24.Rce1 Ra7 25.Ra1 Re8 26.Qb2 Rf8 27.Qd2 axb4 28.axb4 Rfa8 29.Qb2 Qd8 30.Bd2 Ra6
31.Bc3 R8a7 32.Rxa6 Rxa6 33.Ra1 Qa8 34.Rxa6 Qxa6 35.Qb3 b5 36.cxb5 Qxb5 37.Qa2 Nb6
38.Kf2 Kf7 39.Ng2 f5 40.Ne3 fxe4 41.fxe4 Ne8 42.Qe2 Qxe2+ 43.Kxe2 Nf6 44.Kf3 Ke7
45.g4 h5 46.Bd2 Nbd7 47.h3 hxg4+ 48.Nxg4 Nh7  1/2-1/2

[Event "Spring op"]
[Site "Budapest"]
[Date "1989.??.??"]
[Round "?"]
[White "Hansen, Lars Bo"]
[Black "Yanvarjov, Igor"]
[Result "1/2-1/2"]
[WhiteElo "2540"]
[BlackElo "2360"]

1.d4 Nf6 2.Nf3 e6 3.c4 Bb4+ 4.Nbd2 c5 5.a3 Bxd2+ 6.Bxd2 cxd4 7.Nxd4 Nc6 8.Bc3 O-O
9.Nxc6 bxc6 10.Qd4 d5 11.e3 Re8 12.Qe5 Ba6 13.O-O-O Qb8 14.f3 Qxe5 15.Bxe5 Nd7
16.Bg3 Nb6 17.c5 Bxf1 18.Rhxf1 Nc4 19.Rd3 e5 20.e4 d4 21.a4 Rab8 22.b3 Ne3
23.Rg1 f5 24.exf5 Nxf5 25.Bf2 h5 26.Kd2 Kf7 27.Re1 g5 28.Re4 Ke6 29.Bxd4 Nxd4
30.Rdxd4 Rxb3 31.Rd6+ Kf5 32.Rc4 Re6 33.Rd7 a5 34.Rh7 Rb2+ 35.Ke3 Kg6 36.Rh8 Rxg2
37.h4 g4 38.fxg4 Rg3+ 39.Kf2 Rxg4 40.Rg8+ Kf5 41.Rcxg4 hxg4 42.Kg3 e4 43.Rg5+ Kf6
44.Kxg4 e3 45.Rf5+ Kg6 46.Rf1 e2 47.Re1 Re4+ 48.Kf3 Rxh4 49.Rxe2 Kf5 50.Re8 Rxa4  1/2-1/2

[Event "Spring op"]
[Site "Budapest"]
[Date "1989.??.??"]
[Round "?"]
[White "Timoshchenko, Gennadi A"]
[Black "Mujagic, Ramo"]
[Result "1-0"]
[WhiteElo "2460"]
[BlackElo "2335"]

1.d4 Nf6 2.c4 e6 3.Nf3 Bb4+ 4.Nbd2 O-O 5.a3 Bxd2+ 6.Bxd2 Ne4 7.Be3 d5 8.Qc2 Nd7
9.g3 a5 10.Bg2 a4 11.O-O h6 12.Bf4 c6 13.Ne5 Nxe5 14.Bxe5 Nd6 15.Bxd6 Qxd6
16.c5 Qc7 17.e4 dxe4 18.Qxe4 Rd8 19.Rac1 Bd7 20.Rc4 b5 21.cxb6 Qxb6 22.Qc2 Be8
23.Rd1 Qa7 24.Rd2 Qa6 25.h4 Qa7 26.Qc3 Rab8 27.Bxc6 Rb3 28.Qc2 Bxc6 29.Rxc6 Qb7
30.Rc4 Qb5 31.Rc8 Rxc8 32.Qxc8+ Kh7 33.Qc2+ g6 34.Qc1 Qf5 35.Qd1 Qd5 36.Qe2 Rb6
37.Qe5 Qf3 38.Qe3 Qd5 39.Qe5 Qf3 40.Qe3 Qd5 41.Rc2 Rd6 42.Rc7 Rd7 43.Rxd7 Qxd7
44.b3 axb3 45.Qxb3 Qxd4 46.a4 Qd2 47.Kg2 g5 48.hxg5 hxg5 49.Qb5 f5 50.a5 f4
51.gxf4 Qxf4 52.Qd7+ Kh8 53.Qxe6 g4  1-0

[Event "Noviki-B"]
[Site "Budapest"]
[Date "1989.??.??"]
[Round "?"]
[White "Orgovan, Sandor"]
[Black "Schmittdiel, Eckhard"]
[Result "0-1"]
[WhiteElo "2340"]
[BlackElo "2425"]

1.d4 Nf6 2.Nf3 e6 3.c4 Bb4+ 4.Nbd2 d6 5.a3 Bxd2+ 6.Bxd2 Ne4 7.Qc2 f5 8.g3 Nd7
9.Bg2 O-O 10.Rd1 a5 11.b3 Qe7 12.O-O Nxd2 13.Nxd2 e5 14.e3 Nf6 15.Qb2 e4
16.Rde1 a4 17.b4 b5 18.cxb5 Bd7 19.f3 Bxb5 20.Rf2 Bd3 21.Bf1 Bxf1 22.Rfxf1 exf3
23.Qa2+ Kh8 24.Rxf3 c5 25.dxc5 dxc5 26.b5 Ng4 27.Nc4 Qe6 28.Qc2 Rf6 29.b6 Ne5
30.Nxe5 Qxe5 31.Qf2 Rb8 32.Rf4 Qc3 33.e4 Qxa3 34.e5 Rfxb6 35.Rxf5 c4 36.e6 Rb1
37.Re5 Qe7 38.Qf7 Rxe1+ 39.Rxe1 Qc5+ 40.Kh1 Qd5+ 41.Kg1 h6 42.Rf1 Rb2 43.Rf2 a3
44.e7 Rb1+ 45.Rf1 Qxf7  0-1

[Event "Caorle op"]
[Site "Caorle"]
[Date "1989.??.??"]
[Round "3"]
[White "Kosic, Dragan"]
[Black "Portenier, J."]
[Result "1-0"]
[WhiteElo "2445"]
[BlackElo "2230"]

1.d4 Nf6 2.c4 e6 3.Nf3 Bb4+ 4.Nbd2 b6 5.a3 Bxd2+ 6.Bxd2 O-O 7.g3 Bb7 8.Bg2 a5
9.b4 axb4 10.axb4 Rxa1 11.Qxa1 d6 12.O-O Nbd7 13.Qa7 Qa8 14.Ra1 Ne4 15.Be1 Re8
16.Ng5 d5 17.Nxe4 dxe4 18.Bc3 Nf8 19.b5 f5 20.e3 Qc8 21.Bf1 Nd7 22.c5 Bd5
23.Bb2 e5 24.cxb6 cxb6 25.dxe5 Qb8 26.Qxb8 Rxb8 27.Rd1 Be6 28.Rd6 Kf7 29.Bd4 Rb7
30.h3 h5 31.Be2 g6 32.Kg2 Ke7 33.Rc6 Rb8 34.Bc3 Ra8 35.Bd4 Ra4 36.Bxb6 Nxe5
37.Bc5+ Kf7 38.Rc7+ Nd7 39.b6 Ra2 40.Rxd7+ Bxd7 41.b7 Rb2 42.Ba7  1-0

[Event "Copenhagen op"]
[Site "Copenhagen"]
[Date "1989.??.??"]
[Round "2"]
[White "Komljenovic, Davor"]
[Black "Haugli, Petter"]
[Result "1-0"]
[WhiteElo "2465"]
[BlackElo "2380"]

1.d4 Nf6 2.Nf3 e6 3.c4 Bb4+ 4.Nbd2 O-O 5.a3 Be7 6.e4 d5 7.e5 Ne4 8.Bd3 f5
9.exf6 Nxf6 10.O-O c5 11.dxc5 Bxc5 12.b4 Bd6 13.Bb2 Qe8 14.Re1 Qh5 15.Rc1 Nc6
16.b5 Nd8 17.c5 Bf4 18.Be5 Qh6 19.c6 bxc6 20.bxc6 Nf7 21.Bxf4 Qxf4 22.g3 Qd6
23.Qa4 e5 24.Bf1 e4 25.Nd4 Ng4 26.f3 Nxh2 27.Kxh2 Qh6+ 28.Kg1 Qxd2 29.f4 Bg4
30.Qb4 Qxb4 31.axb4 Nd6 32.Rc5 Nf5 33.Rxd5 Nxg3 34.Bc4 Kh8 35.Rg5 Rxf4 36.Ne6 h6
37.Rb5 Bxe6 38.Bxe6 Rff8 39.Kg2 Rae8 40.Bd7 Rd8 41.Kxg3  1-0

[Event "Copenhagen Obro op"]
[Site "Copenhagen"]
[Date "1989.??.??"]
[Round "9"]
[White "Hutters, Tomas"]
[Black "Olesen, Martin"]
[Result "1/2-1/2"]
[WhiteElo "2235"]
[BlackElo "2225"]

1.d4 Nf6 2.Nf3 e6 3.c4 Bb4+ 4.Nbd2 O-O 5.g3 b6 6.Bg2 Bb7 7.O-O c5 8.a3 Bxd2
9.Bxd2 cxd4 10.Bb4 Re8 11.Bd6 Ne4 12.Be5 Nc6 13.Bxd4 Nxd4 14.Qxd4 d5 15.cxd5  1/2-1/2

[Event "URS-sf"]
[Site "Daugavpils"]
[Date "1989.??.??"]
[Round "?"]
[White "Aseev, Konstantin N"]
[Black "Vitolinsh, Alvis"]
[Result "1-0"]
[WhiteElo "2520"]
[BlackElo "2425"]

1.d4 Nf6 2.c4 e6 3.Nf3 Bb4+ 4.Nbd2 c5 5.a3 Bxd2+ 6.Qxd2 cxd4 7.Nxd4 d5 8.cxd5 Qxd5
9.f3 e5 10.Nc2 Qb3 11.e4 O-O 12.Qd3 Be6 13.Qxb3 Bxb3 14.Bd3 Rd8 15.Ke2 Rc8
16.Nb4 a5 17.Na2 Nc6 18.Be3 Nd4+ 19.Bxd4 exd4 20.Nc1 Be6 21.Kd2 Nd7 22.Ne2 Ne5
23.Nxd4 Bc4 24.Bc2 a4 25.Rhd1 Ba6 26.b4 axb3 27.Bxb3 g6 28.Bd5 Nc4+ 29.Ke1 Ne3
30.Rd2 Nxd5 31.exd5 Rc5 32.Nc2 Bb5 33.Kf2 Kf8 34.Ne3 Bd7 35.Rd3 h5 36.Rb1 b5
37.Rb4 Rc1 38.h4 Ra1 39.Rbb3 Ra4 40.Kg3 Rh1 41.Rb4 Rxb4 42.axb4 Rb1 43.Rd4 Rb3
44.Kf4 Ke7 45.d6+ Kd8 46.Nd5 Be6 47.Nf6 Rb2 48.g3 Bd7 49.g4 Bc6 50.gxh5 gxh5
51.Nxh5 Rb3 52.Nf6 Rxf3+ 53.Kg5 Bd7 54.Rf4 Rg3+ 55.Kh6 Be6 56.h5 Bc4 57.Re4 Be6
58.Rf4 Bc4 59.Re4 Be6 60.Re5 Rd3 61.Kg7 Rg3+ 62.Kf8  1-0

[Event "URS-sf"]
[Site "Daugavpils"]
[Date "1989.??.??"]
[Round "?"]
[White "Aseev, Konstantin N"]
[Black "Kengis, Edvins"]
[Result "1/2-1/2"]
[WhiteElo "2520"]
[BlackElo "2465"]

1.d4 Nf6 2.c4 e6 3.Nf3 Bb4+ 4.Nbd2 b6 5.a3 Bxd2+ 6.Bxd2 Bb7 7.Bg5 h6 8.Bh4 d6
9.e3 Nbd7 10.Qc2 Qe7 11.Rd1 g5 12.Bg3 Ne4 13.d5 Ndf6 14.Nd4 h5 15.f3 h4 16.Bf2 Nxf2
17.Kxf2 g4 18.e4 g3+ 19.Ke1 gxh2 20.Kd2 Nh5 21.Qc3 Qg5+ 22.Kc2 e5 23.Ne2 f5
24.exf5 Bc8 25.Rxh2 Bxf5+ 26.Kb3 O-O-O 27.Ka2 Ng3 28.Nxg3 Qxg3 29.Rh1 Rdf8
30.Qe1 Bc2 31.Qxg3 hxg3 32.Rxh8 Rxh8 33.Rd2 Rh1 34.Rxc2 Rxf1 35.Kb3 Kd7 36.Kc3 Ke7
37.Kd3 Kf6 38.Re2 Kf5 39.Ke3 Rc1 40.Kd3 a6 41.Re4 Rg1 42.Re2 Rd1+ 43.Kc2 Rd4
44.Kc3 Rf4 45.Kd3 Rd4+ 46.Kc3 a5 47.a4 Rd1 48.b3 Ra1 49.Kd3 Kg5 50.Kd2 Kf4
51.Re4+ Kf5 52.Re2 Kf4 53.Re4+ Kf5 54.Re2 Rf1 55.Kd3 Kf6 56.Kd2 Rb1 57.Kc2 Rh1
58.Kd2 Kf5 59.Kd3 Rh4 60.Re1 Rh2 61.Re2  1/2-1/2

[Event "DEN-chT8990"]
[Site "DEN"]
[Date "1989.??.??"]
[Round "6"]
[White "Jaksland, Tim"]
[Black "Ostergaard, Jens"]
[Result "0-1"]
[WhiteElo "2240"]
[BlackElo "2295"]

1.d4 Nf6 2.c4 e6 3.Nf3 Bb4+ 4.Nbd2 O-O 5.e3 b6 6.Bd3 Bb7 7.O-O Bxd2 8.Nxd2 d5
9.Qe2 c5 10.dxc5 bxc5 11.b3 Nc6 12.cxd5 Qxd5 13.Bc4 Nd4 14.Bxd5 Nxe2+ 15.Kh1 Nxd5
16.Bb2 Rfd8 17.Rfe1 Nxe3 18.Rxe2 Nxg2  0-1

[Event "Dieren op"]
[Site "Dieren"]
[Date "1989.??.??"]
[Round "5"]
[White "Peek, Marcel"]
[Black "Den Boer, Ber"]
[Result "1-0"]
[WhiteElo "2365"]
[BlackElo "2290"]

1.d4 Nf6 2.c4 e6 3.Nf3 Bb4+ 4.Nbd2 d5 5.Qc2 O-O 6.a3 Be7 7.e4 dxe4 8.Nxe4 Nbd7
9.Nxf6+ Nxf6 10.Bd3 c5 11.Be3 Qa5+ 12.Bd2 Qc7 13.dxc5 Bxc5 14.Bc3 h6 15.Bxf6 gxf6
16.O-O-O Qf4+ 17.Kb1 Kh8 18.Rhe1 f5 19.Qe2 b6 20.g3 Qg4 21.h3 Qg7 22.g4 f4
23.Qe4 Bd7 24.Qxf4 Ba4 25.Rd2 Rad8 26.g5 Be7 27.gxh6 Qf6 28.Qe3 Bc5 29.Qe5 Be7
30.Rg1 Qxe5 31.Nxe5 Bf6 32.Ng4 Bg5 33.f4 Bxf4 34.Nf6 Bxh6 35.Rdg2 Bc6 36.Rg4 Be3  1-0

[Event "FRA-chT"]
[Site "?"]
[Date "1989.??.??"]
[Round "?"]
[White "Varlet, Nicolas"]
[Black "Herb, Pascal"]
[Result "1/2-1/2"]
[WhiteElo "2140"]
[BlackElo "2405"]

1.d4 Nf6 2.c4 e6 3.Nf3 Bb4+ 4.Nbd2 O-O 5.g3 d5 6.Bg2 dxc4 7.O-O c3 8.Nc4 cxb2
9.Bxb2 a5 10.Qb3 b6 11.Nfe5 Ra7 12.Rac1 Ba6 13.Rfd1 Qe8 14.e4 Bb5 15.Qe3 Nbd7
16.Bf1 Nxe5 17.Nxe5 Ba4 18.Rd3 Nd7 19.Nxd7 Bxd7 20.d5 e5 21.f4 Bd6 22.fxe5 Bxe5
23.Bxe5 Qxe5 24.Qd4 f6 25.Qxe5 fxe5 26.Rdc3 Rc8 27.Kf2 Kf8 28.Ke3 Ke7 29.Be2 Kd6
30.a3 Re8 31.Bh5 g6 32.Be2 Rc8 33.Rf1 Ke7 34.Rfc1 b5 35.d6+ Kd8 36.dxc7+ Raxc7
37.Rxc7 Rxc7 38.Rd1 Rc3+ 39.Kf2 Rc5 40.Bg4 Rc7 41.Rd5 b4 42.axb4 axb4  1/2-1/2

[Event "FRA-chT"]
[Site "?"]
[Date "1989.??.??"]
[Round "?"]
[White "Guidez, Yann Michel"]
[Black "Kosten, Anthony C"]
[Result "0-1"]
[WhiteElo "2200"]
[BlackElo "2505"]

1.d4 Nf6 2.c4 e6 3.Nf3 Bb4+ 4.Nbd2 b6 5.g3 Bb7 6.Bg2 O-O 7.O-O d5 8.Qc2 Nbd7
9.Rd1 Bd6 10.e4 Be7 11.cxd5 exd5 12.e5 Ne8 13.Nf1 c5 14.dxc5 Rc8 15.c6 Rxc6
16.Qe2 Nc5 17.Nd4 Rg6 18.b4 Ne6 19.a3 Nxd4 20.Rxd4 Nc7 21.Ne3 Qa8 22.Nf5 Re8
23.Qh5 Bf8 24.Rh4 h6 25.Rg4 Kh7 26.Bb2 Ne6 27.Bf1 Ng5 28.Nh4 d4 29.Bd3 Kg8
30.Nxg6 fxg6 31.Qxg6 Bh1 32.Be4 Bxe4 33.Rxe4 Nxe4 34.h4 Nd2 35.e6 Nf3+ 36.Kf1 Ne5
37.Qf5 Qd5 38.f4 Qf3+ 39.Ke1 Nd3+ 40.Kd2 Qe3+  0-1

[Event "FRA-chT"]
[Site "?"]
[Date "1989.??.??"]
[Round "?"]
[White "Flear, Glenn C"]
[Black "Grizou, Regis"]
[Result "1/2-1/2"]
[WhiteElo "2500"]
[BlackElo "2235"]

1.d4 Nf6 2.c4 e6 3.Nf3 Bb4+ 4.Nbd2 b6 5.e3 Bb7 6.Bd3 O-O 7.O-O Bxd2 8.Nxd2 d6
9.b3 Nbd7 10.Bb2 Re8 11.f4 e5 12.fxe5 dxe5 13.Bf5 Qe7 14.d5 c6 15.e4 Nc5
16.Qf3 a5 17.Qe3 Rad8 18.Nf3 Ncd7 19.Kh1 b5 20.Qa7 Nc5 21.Qxa5 Nfxe4 22.Nxe5 Qh4
23.Bxe4 Nxe4 24.Qe1 Qxe1 25.Raxe1 cxd5 26.cxb5 d4 27.Nc6 Bxc6 28.bxc6 d3
29.Kg1 Rc8 30.Rc1 Re6 31.Rfd1 d2 32.Rc2 Rcxc6 33.Rxc6 Rxc6 34.Kf1 Rc2 35.Bd4 Rxa2
36.Ke2 f5 37.Ra1 Rxa1 38.Bxa1 Kf7 39.Bd4 g6 40.Be3 Ke6 41.Bxd2 Kd5 42.Ke3 Nd6
43.Kd3 Nb5 44.Bh6 Nd4 45.Kc3 f4 46.Kb4 f3 47.gxf3 Nxf3 48.Bf4 g5 49.Bb8 Nd4
50.Kc3 h5 51.b4 Nc6 52.Bc7 Nxb4 53.Kxb4 g4 54.Bg3 Ke4 55.Kc4 Kf3 56.Kd4 Kg2
57.Ke4 h4 58.Bxh4 Kxh2 59.Kf4 g3 60.Bxg3+ Kh3 61.Kf3  1/2-1/2

[Event "FRA-chT"]
[Site "?"]
[Date "1989.??.??"]
[Round "?"]
[White "Miralles, Gilles"]
[Black "Villeneuve, Alain"]
[Result "1-0"]
[WhiteElo "2400"]
[BlackElo "2345"]

1.d4 Nf6 2.c4 e6 3.Nf3 Bb4+ 4.Nbd2 c5 5.a3 Bxd2+ 6.Bxd2 cxd4 7.Nxd4 d5 8.cxd5 Qxd5
9.e3 O-O 10.Rc1 Bd7 11.Bb4 Rc8 12.Rxc8+ Bxc8 13.Be2 Na6 14.Bf3 Qd7 15.O-O Nxb4
16.axb4 e5 17.Nb3 e4 18.Nc5 Qxd1 19.Rxd1 Bf5 20.Be2 b6 21.Nb3 Kf8 22.Ba6 Bd7
23.Rc1 Ke7 24.Nd4 Kd6 25.Ra1 Rb8 26.Bc4 a5 27.bxa5 bxa5 28.b3 Ra8 29.Bxf7 Ke7
30.Bc4 a4 31.bxa4 Rxa4 32.Rxa4 Bxa4 33.h3 Bd7 34.Kh2 g5 35.g4 Kd6 36.Be2 h6
37.Kg3 Ke5 38.Nb3 Be6 39.Nd4 Bd7 40.Bb5 Be6 41.Be2 Bd7 42.Bd1 Be6 43.Bb3 Bd7
44.Bf7 Bc8 45.Bg6 Kd6 46.Bf5 Ba6 47.h4 gxh4+ 48.Kxh4 Ke5 49.Kg3 Bb7 50.Be6 Ba6
51.Bb3 Bc8 52.Bd1 Bd7 53.Kh4 Bc8 54.Be2 Bd7 55.Nb3 Be6 56.Nd2 Kd6 57.Nf1 Ke5
58.Ng3 Nd5 59.Bc4 Nf6 60.Bxe6 Kxe6 61.Nf5  1-0

[Event "Peer Gynt"]
[Site "Gausdal"]
[Date "1989.??.??"]
[Round "?"]
[White "Inkiov, Ventzislav"]
[Black "Reeh, Oliver"]
[Result "1-0"]
[WhiteElo "2475"]
[BlackElo "2430"]

1.d4 Nf6 2.c4 e6 3.Nf3 Bb4+ 4.Nbd2 b6 5.a3 Bxd2+ 6.Bxd2 Bb7 7.Bg5 d6 8.e3 Nbd7
9.Be2 h6 10.Bh4 g5 11.Bg3 Ne4 12.h4 Qf6 13.Qa4 g4 14.Nd2 Nxg3 15.fxg3 c5
16.Rf1 Qg7 17.Rf4 h5 18.O-O-O cxd4 19.exd4 d5 20.Rdf1 f5 21.cxd5 Bxd5 22.Bc4 Rc8
23.Kb1 Bxc4 24.Nxc4 O-O 25.Nd6 Rcd8 26.Qb3 Kh8 27.Re1 Rf6 28.Rxe6 Qg8 29.d5 Qg6
30.Qc3 Kg8 31.Qc7  1-0

[Event "Arnold Cup"]
[Site "Gausdal"]
[Date "1989.??.??"]
[Round "?"]
[White "Gausel, Einar"]
[Black "Mokry, Karel"]
[Result "0-1"]
[WhiteElo "2365"]
[BlackElo "2500"]

1.d4 Nf6 2.Nf3 e6 3.c4 Bb4+ 4.Nbd2 d5 5.a3 Be7 6.Qc2 O-O 7.e4 dxe4 8.Nxe4 Nbd7
9.Bd3 Nxe4 10.Bxe4 Nf6 11.Bd3 b6 12.Be3 c5 13.O-O-O Qc7 14.Ng5 h6 15.Nh7 Rd8
16.Nxf6+ Bxf6 17.d5 exd5 18.cxd5 Bb7 19.Be4 Qe5 20.h4 Bxd5 21.Rxd5 Rxd5 22.g4 Re8
23.Bxd5 Qxd5 24.Rd1 Qa2 25.Rd7 Bxh4 26.Rxa7 Rd8  0-1

[Event "Dreszer op"]
[Site "Gdynia"]
[Date "1989.??.??"]
[Round "6"]
[White "Praszak, Michal"]
[Black "Kislov, Mikhail"]
[Result "0-1"]
[WhiteElo "2335"]
[BlackElo "2415"]

1.d4 Nf6 2.c4 e6 3.Nf3 Bb4+ 4.Nbd2 b6 5.g3 Bb7 6.Bg2 O-O 7.O-O Bxd2 8.Bxd2 d6
9.Qc2 Be4 10.Qb3 Nbd7 11.Bf4 Qe7 12.Qc3 a5 13.Bh3 h6 14.Nd2 Bb7 15.f3 e5
16.Be3 Rfe8 17.d5 c6 18.dxc6 Bxc6 19.Qa3 b5 20.cxb5 Bxb5 21.Rfe1 Nd5 22.Bf2 N7f6
23.Qb3 Reb8 24.Qd1 a4 25.a3 Nc7 26.Rc1 Ne6 27.Nc4 Bxc4 28.Rxc4 Rxb2 29.Rxa4 Rxa4
30.Qxa4 d5 31.Qa8+ Kh7 32.Qa5 Nd4 33.Bxd4 exd4 34.Bf5+ g6 35.Bd3 h5 36.Kf1 h4
37.Rc1 Ra2 38.Qc7 Qe6 39.Qf4 hxg3 40.Qh4+ Kg7 41.hxg3 Rxa3 42.Kg2 Qe5 43.g4 Ra8
44.Rh1 Qf4 45.Qe1 Rh8 46.Rxh8 Kxh8 47.Qg3 Qg5 48.Qc7 Kg7 49.Qe7 Qf4 50.Qb7 Qe5
51.Qb2 Nd7 52.Qb5 Nf8 53.Kf1 Ne6 54.Qe8 Qe3 55.Ke1 Nf4 56.Bb5 Qc3+  0-1

[Event "BL2-S8889"]
[Site "Germany"]
[Date "1989.??.??"]
[Round "?"]
[White "Finkenzeller, Arnold"]
[Black "Zinic, Tihomir"]
[Result "0-1"]
[WhiteElo "2275"]
[BlackElo "2290"]

1.d4 Nf6 2.Nf3 e6 3.c4 Bb4+ 4.Nbd2 O-O 5.a3 Be7 6.e4 d5 7.e5 Nfd7 8.cxd5 exd5
9.Bd3 c5 10.O-O cxd4 11.h3 Nc5 12.Bb1 Ne6 13.Re1 Qb6 14.Nf1 Nc6 15.Ng3 g6
16.Nh5 Re8 17.Ng3 a5 18.b3 Na7 19.Ne2 Nb5 20.Bb2 Bc5 21.Rf1 Bd7 22.a4 Na7
23.Nexd4 Nc6 24.Ne2 Nb4 25.Ng3 Rad8 26.Nh2 Bd4 27.Qd2 Bxb2 28.Qxb2 Qd4 29.Qe2 Nf4
30.Qf3 Qxe5 31.Ng4 Bxg4 32.hxg4 Qxa1 33.Qxf4 Qe5 34.Qf3 Nc6 35.Bd3 Nd4 36.Qd1 Ne6
37.Bb5 Rf8 38.Re1 Qd4 39.Qf3 Qf4 40.Qc3 d4 41.Qxa5 d3  0-1

[Event "BL2-W8889"]
[Site "Germany"]
[Date "1989.??.??"]
[Round "?"]
[White "Nautsch, Werner"]
[Black "Behle, Karl Willi"]
[Result "1-0"]
[WhiteElo "2340"]
[BlackElo "2315"]

1.d4 Nf6 2.c4 e6 3.Nf3 Bb4+ 4.Nbd2 b6 5.a3 Be7 6.e4 d6 7.Bd3 Nbd7 8.O-O e5
9.b4 Nh5 10.Bb2 Nf4 11.Bc2 Bf6 12.g3 Ng6 13.d5 h5 14.Ba4 Kf8 15.Rc1 Kg8 16.h4 Ndf8
17.Rc3 Bg4 18.Qc1 Rh6 19.Re1 a5 20.Bd1 axb4 21.axb4 Nxh4 22.Nxh4 Bxh4 23.gxh4 Qxh4
24.Nf3 Qf6 25.Nh2 Bxd1 26.Qxd1 Ng6 27.Bc1 Ra1 28.Qe2 Rxc1 29.Rexc1 Qg5+ 30.Kh1 Nf4
31.Qf1 h4 32.Qg1 Qe7 33.Qg4 Rg6 34.Qc8+ Kh7 35.Qf5 Kg8 36.Ra3 Qd8 37.Rca1 Kh7
38.Rg1 Kh8 39.Rxg6 Nxg6 40.Qg4 Qf6 41.Nf3  1-0

[Event "BL2-W8889"]
[Site "Germany"]
[Date "1989.??.??"]
[Round "?"]
[White "Heinbuch, Detlef"]
[Black "Horstmann, Michael"]
[Result "1-0"]
[WhiteElo "2350"]
[BlackElo "2240"]

1.d4 Nf6 2.Nf3 e6 3.c4 Bb4+ 4.Nbd2 b6 5.a3 Bxd2+ 6.Qxd2 Bb7 7.e3 d6 8.Be2 Nbd7
9.b4 a5 10.Bb2 axb4 11.axb4 Rxa1+ 12.Bxa1 Qa8 13.O-O O-O 14.Bb2 Be4 15.Ra1 Qb7
16.Ne1 d5 17.f3 Bg6 18.cxd5 exd5 19.Ba6 Qc6 20.Rc1 Qd6 21.Bb5 Nb8 22.Bf1 c6
23.Nd3 Nfd7 24.b5 cxb5 25.Ne5 b4 26.Bb5 Bf5 27.Nd3 Nf6 28.Qxb4 Qe6 29.Ne5 Rc8
30.Rxc8+ Qxc8 31.Qd6 Nbd7 32.Nc6 Kh8 33.Ba3 Be6 34.h3 h6 35.Kh2 Ne8 36.Qg3 Nc7
37.Ne7 Qa8 38.Qxc7 Qxa3 39.Qd8+  1-0

[Event "BL2-W8889"]
[Site "Germany"]
[Date "1989.??.??"]
[Round "?"]
[White "Gupta, Milon"]
[Black "Horstmann, Michael"]
[Result "1/2-1/2"]
[WhiteElo "2260"]
[BlackElo "2240"]

1.d4 Nf6 2.c4 e6 3.Nf3 Bb4+ 4.Nbd2 b6 5.a3 Bxd2+ 6.Bxd2 Bb7 7.Bg5 h6 8.Bh4 d6
9.e3 Nbd7 10.Qc2 g5 11.Bg3 h5 12.h4 g4 13.Nd2 Qe7 14.f4 gxf3 15.gxf3 Rg8
16.Rg1 c5 17.dxc5 bxc5 18.O-O-O O-O-O 19.Be2 Ne5 20.Bf4 Nfd7 21.Bg5 f6 22.Bf4 Rxg1
23.Rxg1 f5 24.Bg5 Nf6 25.Qc3 Rf8 26.b4 Ned7 27.Nb3 e5 28.Rd1 Qe6 29.bxc5 dxc5
30.Qa5 Qb6 31.Qc3 Re8 32.Rd2 Re6 33.Rb2 Qc7 34.Qa5 Ra6  1/2-1/2

[Event "NRW-Liga II 8889"]
[Site "Germany"]
[Date "1989.??.??"]
[Round "?"]
[White "Hennig, Dirk"]
[Black "Wilde, Pierre"]
[Result "1-0"]
[WhiteElo "2340"]
[BlackElo "2295"]

1.Nf3 Nf6 2.c4 e6 3.d4 Bb4+ 4.Nbd2 b6 5.a3 Bxd2+ 6.Qxd2 Bb7 7.e3 d6 8.Be2 Nbd7
9.O-O O-O 10.b4 Ne4 11.Qc2 f5 12.Ne1 a5 13.f3 Nef6 14.Rb1 axb4 15.axb4 Qe7
16.Bd3 g6 17.c5 bxc5 18.bxc5 Bc6 19.cxd6 Qxd6 20.Bd2 Ba4 21.Qc4 Nd5 22.e4 fxe4
23.fxe4 Rxf1+ 24.Bxf1 N5b6 25.Qd3 Bc6 26.Nf3 Ra3 27.Qe2 Ra4 28.Rc1 Bb7 29.Qe1 c6
30.Qh4 Qf8 31.Bh6 Qe8 32.Qf4 Ra8 33.Rb1 Ba6 34.Bxa6 Rxa6 35.Ne5 Ra5 36.Nxc6 Rh5
37.Bg5 Nc4 38.h4 e5 39.dxe5 Ncxe5 40.Rb8 Nxb8 41.Ne7+  1-0

[Event "BL2-SW8889"]
[Site "Germany"]
[Date "1989.??.??"]
[Round "?"]
[White "Stromer, Alexander"]
[Black "Staller, Peter"]
[Result "1/2-1/2"]
[WhiteElo "2310"]
[BlackElo "2355"]

1.d4 Nf6 2.Nf3 e6 3.c4 Bb4+ 4.Nbd2 b6 5.a3 Bxd2+ 6.Bxd2 Bb7 7.Bg5 d6 8.e3 Nbd7
9.Bd3 c5 10.O-O O-O 11.b4 Re8 12.Nd2 Qc7 13.Qc2 a6 14.Bh4 Rac8 15.dxc5 dxc5
16.b5 Ne5 17.Bxf6 Ng4 18.g3 Nxf6 19.Ne4 Nxe4 20.Bxe4 f5 21.Bxb7 Qxb7 22.Rad1 Rcd8
23.Qe2 Qa8 24.f3 Rxd1 25.Rxd1 Rd8 26.Kf2 Kf7 27.Rd3 Ke7 28.Qd2 Rxd3 29.Qxd3 Qb8
30.Qc3 Kf7 31.Qd2  1/2-1/2

[Event "BL2-S8889"]
[Site "Germany"]
[Date "1989.??.??"]
[Round "?"]
[White "Tischer, Guenter"]
[Black "Mandl, Robert"]
[Result "1-0"]
[WhiteElo "2340"]
[BlackElo "2280"]

1.d4 Nf6 2.c4 e6 3.Nf3 Bb4+ 4.Nbd2 O-O 5.e3 b6 6.Bd3 Bb7 7.O-O c5 8.dxc5 bxc5
9.Nb3 d6 10.a3 Ba5 11.Nxa5 Qxa5 12.Bd2 Qc7 13.b4 Ne4 14.Qc2 f5 15.Rfd1 Nd7
16.Be1 Rf6 17.Nd2 Nxd2 18.Rxd2 Ne5 19.f3 Rg6 20.Bg3 Bxf3 21.gxf3 Nxf3+ 22.Kh1 Nxd2
23.Qxd2 Rf8 24.Bf1 e5 25.Qd5+ Kh8 26.bxc5 dxc5 27.Bxe5 Qe7 28.Bf4 Rd8 29.Qf3 h6
30.Rb1 Qf6 31.Bh3 Qc3 32.Bxf5 Rf6 33.Qe4 Qxa3 34.Rg1 Qa6 35.Qe7 Rg8 36.Be5 Qc6+
37.e4 a5 38.Bxf6 Qxf6 39.Qxf6  1-0

[Event "Bundesliga 8889"]
[Site "Germany"]
[Date "1989.??.??"]
[Round "?"]
[White "Mohr, Stefan"]
[Black "Keitlinghaus, Ludger"]
[Result "1/2-1/2"]
[WhiteElo "2470"]
[BlackElo "2410"]

1.d4 e6 2.c4 Bb4+ 3.Nd2 Nf6 4.Nf3 O-O 5.a3 Be7 6.e4 d6 7.Bd3 Nbd7 8.O-O e5
9.b3 Re8 10.Bb2 Bf8 11.Re1 a5 12.Bf1 g6 13.Qc2 exd4 14.Nxd4 c6 15.Rad1 Qc7
16.b4 axb4 17.axb4 Bg7 18.Bc3 Nf8 19.Qb2 Qe7 20.N4f3 Bg4 21.h3 Bxf3 22.Nxf3 Rad8
23.e5 dxe5 24.Nxe5 Rxd1 25.Rxd1 Ne6 26.Re1 Qd8 27.g3 h5 28.h4 g5 29.hxg5 Nxg5
30.Bg2 Ng4 31.f4 Bxe5 32.Bxe5 Rxe5 33.fxe5 Qd3 34.Qc1 Nh3+ 35.Bxh3 Qxg3+
36.Bg2 Qf2+ 37.Kh1 Qh4+ 38.Kg1 Qf2+ 39.Kh1 Qh4+  1/2-1/2

[Event "Gothenburg"]
[Site "Gothenburg"]
[Date "1989.??.??"]
[Round "10"]
[White "Sapis, Witalis"]
[Black "Zolnierowicz, Krzysztof"]
[Result "1/2-1/2"]
[WhiteElo "2395"]
[BlackElo "2405"]

1.d4 Nf6 2.Nf3 e6 3.c4 Bb4+ 4.Nbd2 b6 5.a3 Bxd2+ 6.Qxd2 Bb7 7.g3 O-O 8.Bg2 d6
9.O-O Nbd7 10.b4 Qe7  1/2-1/2

[Event "EU-chT"]
[Site "Haifa"]
[Date "1989.??.??"]
[Round "1"]
[White "Stohl, Igor"]
[Black "Liss, Eran"]
[Result "1-0"]
[WhiteElo "2500"]
[BlackElo "2330"]

1.d4 Nf6 2.Nf3 e6 3.c4 Bb4+ 4.Nbd2 O-O 5.a3 Be7 6.e4 d5 7.cxd5 exd5 8.e5 Nfd7
9.b4 Re8 10.Bd3 b6 11.Qc2 Nf8 12.O-O Bg4 13.Bb2 c5 14.bxc5 bxc5 15.dxc5 Qc7
16.Rac1 Nbd7 17.Bd4 Rac8 18.Ba6 Rb8 19.c6 Nb6 20.a4 Ne6 21.Be3 Nc8 22.Nd4 Qxe5
23.c7 Bd6 24.N4f3 Bxf3 25.Nxf3 Rb2 26.Qc6  1-0

[Event "Hamburg-ch"]
[Site "Hamburg"]
[Date "1989.??.??"]
[Round "?"]
[White "Michaelsen, Nils"]
[Black "Reddmann, Hauke"]
[Result "0-1"]
[WhiteElo "2360"]
[BlackElo "2285"]

1.d4 Nf6 2.c4 e6 3.Nf3 Bb4+ 4.Nbd2 d5 5.Qa4+ Nc6 6.a3 Be7 7.e3 O-O 8.Bd3 dxc4
9.Nxc4 a6 10.Qc2 Qe8 11.O-O b5 12.Nce5 Bb7 13.b4 Bd6 14.Bb2 Ne7 15.e4 Nh5
16.Rfe1 Nf4 17.Bf1 f6 18.Nd3 Neg6 19.Nc5 Bxc5 20.dxc5 e5 21.a4 Bc6 22.axb5 axb5
23.Nd2 Rxa1 24.Rxa1 Qd7 25.Nb3 Qg4 26.f3 Qg5 27.Kh1 Rd8 28.Na5 Be8 29.Rd1 Rxd1
30.Qxd1 Ne6 31.Bc1 Qh4 32.Be3 Ne7 33.c6 f5 34.Bxb5 fxe4 35.Bc4 Bf7 36.Bg1 Nf5
37.Ba7 e3 38.b5 Ned4 39.Bxf7+ Kxf7 40.Bxd4 exd4 41.Qb1 Kf6 42.b6 e2 43.g3 Qh3
44.Kg1 Ne3  0-1

[Event "Haninge"]
[Site "Haninge"]
[Date "1989.??.??"]
[Round "?"]
[White "Cramling, Pia"]
[Black "Arnason, Jon L"]
[Result "0-1"]
[WhiteElo "2480"]
[BlackElo "2550"]

1.d4 Nf6 2.c4 e6 3.Nf3 Bb4+ 4.Nbd2 b6 5.a3 Bxd2+ 6.Bxd2 Bb7 7.Bg5 d6 8.e3 Nbd7
9.Qc2 h6 10.Bh4 Qe7 11.Bd3 g5 12.Bg3 h5 13.h3 Rg8 14.O-O-O h4 15.Bh2 g4 16.Nxh4 gxh3
17.Bg3 hxg2 18.Rhg1 Nh5 19.Nxg2 Nxg3 20.Nf4 Nf6 21.fxg3 O-O-O 22.Kb1 Kb8
23.e4 e5 24.Nd5 Nxd5 25.cxd5 exd4 26.Bb5 a6 27.Bc6 Bxc6 28.dxc6 Qe5 29.Ka1 Ka7
30.Qc4 d5 31.Qxd4 Qxe4 32.Rgf1 Qxd4 33.Rxd4 Rg6 34.Rf5 Rgd6 35.a4 f6 36.Ka2 a5
37.Ka3 Ka6 38.b4 b5 39.bxa5 Kxa5 40.Rb4 bxa4 41.Rf3 Rxc6 42.g4 Re8 43.Rxa4+ Kb5
44.Raf4 Re4 45.Rb3+ Kc5  0-1

[Event "HUN-ch"]
[Site "?"]
[Date "1989.??.??"]
[Round "?"]
[White "Orso, Miklos"]
[Black "Horvath, Gyula"]
[Result "1/2-1/2"]
[WhiteElo "2345"]
[BlackElo "2410"]

1.d4 Nf6 2.Nf3 e6 3.c4 Bb4+ 4.Nbd2 b6 5.e3 Bb7 6.Be2 O-O 7.O-O d5 8.cxd5 exd5
9.a3 Bd6 10.b4 Nbd7 11.b5 a6 12.bxa6 Bxa6 13.Bxa6 Rxa6 14.Bb2 Qe7 15.Qb3 Rfa8
16.a4 Nb8 17.Nb1 Nc6 18.Nc3 Na5 19.Qc2 h6  1/2-1/2